000 00289nam a22001097a 4500
008 160613b xxu||||| |||| 00| 0 eng d
020 _a1558102159
041 _aeng
080 _a618.2
245 _aNursing / Scope and standards of practice :
_cAmerican Nurses Association.
942 _2udc
_cBK
999 _c2445
_d2445